| 000 | 00990cam a2200241 a 4500 | ||
|---|---|---|---|
| 003 | OSt | ||
| 005 | 20210308123755.0 | ||
| 008 | 040311s1998 ck a r 000 0 spa d | ||
| 020 | _a9586640264 | ||
| 040 |
_aCO-BoPUJ _cCO-JMCR |
||
| 041 | 0 | _aspa | |
| 082 | 0 | 4 |
_a708.9861 / _bB213c _223 |
| 110 | 2 |
_aBanco de la República _914538 |
|
| 245 | 1 | 0 |
_aColecciones Banco de la República : _bfondos documentales, bibliográficos, arqueológicos, artísticos y numismáticos / _cBanco de la República |
| 260 |
_aBogotá : _bBanco de la República, _c1998. |
||
| 300 |
_a105 páginas : _bilustraciones y fotografías a color ; _c28 cm. |
||
| 505 | 0 | _aMuseo de Oro -- Biblioteca Luis Ángel Arango | |
| 610 | 2 | 4 |
_aBiblioteca Luis Angel Arango (Bogotá) _vColecciones _914539 |
| 610 | 2 | 4 |
_aBiblioteca Luis Angel Arango (Bogotá) _vColecciones _914539 |
| 650 | 2 | 4 |
_aMuseo del oro (bogotá) _vColecciones _914540 |
| 650 | 2 | 4 |
_aOrfebrería precolombina _zColombia _vColecciones _914541 |
| 942 |
_2ddc _cBK |
||
| 999 |
_c7490 _d7490 |
||